| 000 | 01333nam a2200325 i 4500 | ||
|---|---|---|---|
| 001 | 70491 | ||
| 003 | Mx-PuUPA | ||
| 005 | 20230802142417.0 | ||
| 008 | 230802s2020 mx ad||gr|||| 00| 0 spa d | ||
| 020 | _a9786075502151 | ||
| 040 |
_aMx-PuUPA _bspa _cMx-PuUPA _dMx-PuUPA _erda |
||
| 041 | 0 | _aspa | |
| 100 | 1 |
_aGaucin Cabello, Víctor, _914546 _eautor |
|
| 245 | 1 | 0 |
_aPrincipios de investigación de operaciones / _cVíctor Gaucin Cabello, Marta Gabriela Ríos Nava, Francisco Gerardo Benavides Bravo, Ángela Gabriela Benavides Ríos |
| 250 | _aPrimera edición | ||
| 264 | 1 |
_aCiudad de México : _bGrupo Editorial Patria, _c©2020 |
|
| 300 |
_avi, 237 páginas : _bilustraciones, gráficas, tablas, cálculos ; _c27 cm |
||
| 336 |
_2rdacontent _atexto _btxt |
||
| 337 |
_2rdamedia _asin medio _bn |
||
| 338 |
_2rdacarrier _avolumen _bnc |
||
| 650 | 7 |
_2armarc _aInvestigación operacional |
|
| 650 | 7 |
_2armarc _aIngeniería industrial |
|
| 700 | 1 |
_aRíos Nava, Marta Gabriela, _eautor |
|
| 700 | 1 |
_aBenavides Bravo, Francisco Gerardo, _eautor |
|
| 700 | 1 |
_aBenavides Ríos, Ángela Gabriela, _eautor |
|
| 942 |
_2ddc _cLI _h658.4034 _iG264 |
||
| 999 |
_c70491 _d70491 |
||